Príbeh sa nekončí...

V priebehu uplynulých mesiacoch mohli investori oslavovať prvé výročie otočenia nálady finančných trhoch. Akciové indexy si od minima v arci 2009 pripísali 60% hodnoty, čím vymazali takmer polovicu strát vzniknutých počas finančnej krízy.

Salvato in:
Dettagli Bibliografici
Autore principale: Prokopec, Marek
Natura: Capitolo di libro
Lingua:slovacco
Soggetti:
Tags: Aggiungi Tag
Nessun Tag, puoi essere il primo ad aggiungerne!!

MARC

LEADER 00000naa a2200000 4500
001 0118711
005 20230831115451.7
041 0 |a slo 
044 |a SK 
245 1 0 |a Príbeh sa nekončí...  |c Marek Prokopec 
520 |a V priebehu uplynulých mesiacoch mohli investori oslavovať prvé výročie otočenia nálady finančných trhoch. Akciové indexy si od minima v arci 2009 pripísali 60% hodnoty, čím vymazali takmer polovicu strát vzniknutých počas finančnej krízy. 
610 2 0 |a trh burzový 
610 2 0 |a kríza finančná 
610 2 0 |a indexy burzové 
610 2 0 |a trh finančný 
610 2 0 |a investori 
610 2 0 |a investovanie 
100 1 |a Prokopec, Marek